01234nam a2200337 u 4500001001000000003000900010005001700019007001000036008004100046040002200087082001900109100004800128245009600176260004900272300001700321490001000338505003100348505003000379650002400409650002400433650003200457700002200489830001000511910003700521942001200558945002700570952011800597952012800715956003800843999001500881000020370DO-SdBNP20171103133714.0000020370100806s1986 dr r 000 0 spa d aBPMSUbspacBPMSU04aRD864.4bH519e1 aHenríquez I Carvajal, Federicod1848-195210aÉtica i estética /cFederico Henríquez I Carvajal ; presentación Cándido Gerón. aSanto Domingo :bBiblioteca Nacional,c1986. a2v. c23 cm.1 aOrfeo0 gv. 1.tPáginas breves --0 gv. 2.tAlmas y libros -- 4aENSAYOS DOMINICANOS 4aCRÍTICA LITERARIA 4aLITERATURA HISPANOAMERICANA1 4Gerón, Candido  0aOrfeo aValidado. Control de calidad MFF 2ddccBK aInventariado, 2017/MFF 00102ddc40708CDaBPMETbBPMETd2015-01-23l0oRD864.4 H519e v. 2pBPMSU15040720r2015-01-23w2015-01-23yBK 00102ddc40708CDaBPMETbBPMETd2017-10-18eDonado l0oRD864.4 H519e v.1pBPMSU17100051r2017-10-18w2017-10-18yBK aVMATEOb10c20100810lBPMSUh0069 c7217d7217